末代皇帝的后半生 (Record no. 66128)

000 -LEADER
fixed length control field 00572nam a22002057a 4500
003 - CONTROL NUMBER IDENTIFIER
control field MPLRDC
005 - DATE AND TIME OF LATEST TRANSACTION
control field 20220104195323.0
008 - FIXED-LENGTH DATA ELEMENTS--GENERAL INFORMATION
fixed length control field 210129b ||||| |||| 00| 0 eng d
020 ## - INTERNATIONAL STANDARD BOOK NUMBER
International Standard Book Number 978-988-8340-43-9
082 ## - DEWEY DECIMAL CLASSIFICATION NUMBER
Classification number 782.879 PY-18
100 ## - MAIN ENTRY--PERSONAL NAME
Personal name 贾英华
245 ## - TITLE STATEMENT
Title 末代皇帝的后半生
Statement of responsibility, etc.
250 ## - EDITION STATEMENT
Edition statement 初版
260 ## - PUBLICATION, DISTRIBUTION, ETC.
Place of publication, distribution, etc. 香港
Name of publisher, distributor, etc. 中华书局(香港)有限公司
Date of publication, distribution, etc. 2015
300 ## - PHYSICAL DESCRIPTION
Other physical details
490 ## - SERIES STATEMENT
Series statement 中华说史024
520 ## - SUMMARY, ETC.
Summary, etc. 2017-08-19 弄湿--pg.479-低页上方(5604)。
650 ## - SUBJECT ADDED ENTRY--TOPICAL TERM
Topical term or geographic name entry element 中国传记--溥仪
942 ## - ADDED ENTRY ELEMENTS (KOHA)
Koha item type Book
-- 782.879 PY-18
Holdings
Withdrawn status Lost status Source of classification or shelving scheme Damaged status Not for loan Collection code Home library Current library Shelving location Date acquired Cost, normal purchase price Total Checkouts Total Renewals Full call number Barcode Date last seen Date last checked out Price effective from Koha item type Public note
            Malaysian Public Library, Research and Development Centre Malaysian Public Library, Research and Development Centre   02/04/2016 64.00   1 782.879 PY-18 00059882 18/03/2021 19/08/2017 18/03/2021 Book mplrdc

© 2022. Malaysian Public Library, Research and Development Centre. All Right ReservedE-mailmplrdc@help.edu.my 

Powered by Koha